Statistics for Guess the Country by Letters

Click here to take the quiz!

General Stats

  • This quiz has been taken 80 times
  • The average score is 8 of 9

Answer Stats

Answer % Correct
a
98%
i
87%
n
84%
L
79%
t
78%
h
76%
u
76%

Score Distribution

Percentile by Number Answered

Percent of People with Each Score

Your Score History

You have not taken this quiz